000 01010cam a2200301 a 4500
001 80331
003 BD-RjUL
005 20220912142329.0
008 220909s1962 pk b 000 0 ur
035 _a(BD-RjUL)80331
040 _aEYM
_cEYM
_dYUS
_dDLC
_beng
041 _aurd
082 _223
_a297.09
_bNAT 1962
100 1 _aNadvi, Shah Muinuddin Ahmad
_94723
245 1 0 _a تارىخ اسلام ## Tārīkh-i Islām /
_cShah Moinuddin Ahmad Nadwi ## شاه معين الدين احمد ندوي
246 3 0 _aتاريخ اسلام خلافة عباسيه
246 1 4 _aHistory of Islam
_bfrom the Aul Abbus Safa to Abu ishaq
250 _aChāp-i 3
260 _aPakista :
_bMuaref press,
_c1962
300 _av. ;. ;
_c23 cm
490 _aSilsila- - i - dar al Musannifin ;
_vno. 67
504 _aIncludes bibliographical references
505 _aVol. 1. Khilafat - I- Abbus.--
650 0 _aIslam
_xHistory.
651 0 _xHistory
942 _2ddc
_cBK
999 _c80331
_d80331